000 00703nam a2200157 a 4500
008 120416s0000 ||||||||||||||||| || u
020 _a0070023298
050 _aNA 6212 Bui
100 _aHoyt, Charles King
245 1 0 _aBuilding for commerce and industry
_cedited by Charles King Hoyt
260 _aNew York
_bMcGraw-Hill
_c1978
300 _ax, 228p. : ill.
350 _a0.00
995 _aMAIN LIBRARY OPEN ACCESS
_D0.00
_e730353
_FCBU-MAIN LIBRARY (Kitwe)
_H2
_I57.45
_jNA 6212 Bui
_M2
_UAVAILABLE
_WMay 26, 2006
_y026948
_ZMain Library Open Access Collection
995 _aBINDERY (DAMAGED)
_D0.00
_e709222
_FCBU-MAIN LIBRARY (Kitwe)
_H1
_I57.45
_jNA 6212 Bui
_UDAMAGED
_y009880
_ZMain Library Open Access Collection
999 _c77807
_d77807